Визуальный анализ мультисенсорных данных в виртуальной среде; Молодежь и современные информационные технологии

Библиографические подробности
Источник:Молодежь и современные информационные технологии.— 2019.— [С. 106-107]
Главный автор: Петров Ю. С. Юрий Сергеевич
Корпоративные авторы: Национальный исследовательский Томский политехнический университет Инженерная школа информационных технологий и робототехники Отделение информационных технологий, Национальный исследовательский Томский политехнический университет (ТПУ) Юргинский технологический институт (филиал) (ЮТИ) Отделение цифровых технологий (ОЦТ)
Другие авторы: Захарова А. А. Александра Александровна
Примечания:Заглавие с титульного экрана
Язык:русский
Опубликовано: 2019
Серии:Компьютерное моделирование и интеллектуальный анализ данных
Предметы:
Online-ссылка:http://earchive.tpu.ru/handle/11683/52668
Формат: Электронный ресурс Статья
Запись в KOHA:https://koha.lib.tpu.ru/cgi-bin/koha/opac-detail.pl?biblionumber=629058

MARC

LEADER 00000naa2a2200000 4500
001 629058
005 20231222113905.0
035 |a (RuTPU)RU\TPU\conf\29495 
035 |a RU\TPU\conf\29489 
090 |a 629058 
100 |a 20190129d2019 k y0rusy50 ca 
101 0 |a rus 
102 |a RU 
105 |a y z 101zy 
135 |a drcn ---uucaa 
181 0 |a i  
182 0 |a b 
200 1 |a Визуальный анализ мультисенсорных данных в виртуальной среде  |f Ю. С. Петров, А. А. Захарова 
203 |a Текст  |c электронный 
225 1 |a Компьютерное моделирование и интеллектуальный анализ данных 
300 |a Заглавие с титульного экрана 
320 |a [Библиогр.: с. 107 (6 назв.)] 
463 0 |0 (RuTPU)RU\TPU\conf\29427  |t Молодежь и современные информационные технологии  |o сборник трудов XVI Международной научно-практической конференции студентов, аспирантов и молодых учёных, 3-7 декабря 2018 г., г. Томск  |f Национальный исследовательский Томский политехнический университет, Инженерная школа информационных технологий и робототехники ; под ред. Д. М. Сонькина [и др.]  |v [С. 106-107]  |d 2019 
610 1 |a электронный ресурс 
610 1 |a труды учёных ТПУ 
610 1 |a визуальный анализ 
610 1 |a мультисенсорные данные 
610 1 |a виртуальная среда 
610 1 |a данные 
610 1 |a виртуальная реальность 
610 1 |a визуализация 
700 1 |a Петров  |b Ю. С.  |c специалист в области информатики и вычислительной техники  |c лаборант кафедры Томского политехнического университета  |f 1993-  |g Юрий Сергеевич  |3 (RuTPU)RU\TPU\pers\37122 
701 1 |a Захарова  |b А. А.  |c специалист в области информатики и вычислительной техники  |c профессор Юргинского технологического института (филиала) Томского политехнического университета, доктор наук  |f 1976-  |g Александра Александровна  |3 (RuTPU)RU\TPU\pers\22758  |9 9789 
712 0 2 |a Национальный исследовательский Томский политехнический университет  |b Инженерная школа информационных технологий и робототехники  |b Отделение информационных технологий  |3 (RuTPU)RU\TPU\col\23515 
712 0 2 |a Национальный исследовательский Томский политехнический университет (ТПУ)  |b Юргинский технологический институт (филиал) (ЮТИ)  |b Отделение цифровых технологий (ОЦТ)  |3 (RuTPU)RU\TPU\col\24718 
801 2 |a RU  |b 63413507  |c 20201229  |g RCR 
856 4 |u http://earchive.tpu.ru/handle/11683/52668 
942 |c BK